Konflikty z pohľadu psychológie

Bibliographic Details
Main Author: Horáček, Jiří (Author)
Format: Book
Language:Slovak
PhysicalDescription:35 s. 21 cm
Published: Žilina Žilinská univerzita 1996
Edition:1. vyd.
Subjects:

MARC

LEADER 00000nam a2200000 a 4500
001 vtls008186056
003 SK-MaSNL
005 20260301074628.0
008 240318s1996 xo d p 000 0 slo
020 |q (brož.) 
040 |a SNK  |b slo  |c SNK  |e AACR2 
072 7 |a 316.4/.7  |x Sociálne interakcie  |2 konspekt 
072 7 |a 159.9  |x Psychológia  |2 konspekt 
080 |a 316.48  |2 MDT-MRF 
080 |a 159.9  |2 MDT-MRF 
080 |a (075.8)  |2 MDT-MRF 
100 1 |a Horáček, Jiří  |4 aut  |9 5461 
245 1 0 |a Konflikty z pohľadu psychológie  |c Jiří Horáček 
250 |a 1. vyd. 
260 |a Žilina  |b Žilinská univerzita  |c 1996 
300 |a 35 s.  |c 21 cm 
650 0 7 |a konflikty  |x psychologické aspekty  |2 SNKPH  |9 397540 
650 0 7 |a interpersonálne konflikty  |x psychologické aspekty  |2 SNKPH  |9 397541 
655 7 |a učebnice vysokých škôl  |2 SNKPH  |9 70191 
958 |a OND 
999 |c 647739  |d 649669 
952 |a SNK  |b SNK  |y PREZ  |7 0  |p 17A0474177  |o snkSC 120840  |i snk2005/12996  |8 1  |0 0  |1 0  |4 0  |d 2005-07-25  |l 0  |r 2025-05-30 00:00:00  |w 2026-02-23